AFTER 10+2 AND BEYOND (HUMANITIES & COMMERCE) (क.क्र.8/3) (Record no. 385460)

MARC details
000 -LEADER
fixed length control field 00424nam a2200121Ia 4500
008 - FIXED-LENGTH DATA ELEMENTS--GENERAL INFORMATION
fixed length control field 100122s9999 xx 000 0 und d
082 ## - DEWEY DECIMAL CLASSIFICATION NUMBER
Item number 11941
Classification number 370
245 ## - TITLE STATEMENT
Title AFTER 10+2 AND BEYOND (HUMANITIES & COMMERCE) (क.क्र.8/3)
300 ## - PHYSICAL DESCRIPTION
Extent 749
630 ## - SUBJECT ADDED ENTRY--UNIFORM TITLE
Uniform title AFTER 10+2 AND BEYOND (HUMANITIES & COMMERCE) (क.क्र.8/3)
730 ## - ADDED ENTRY--UNIFORM TITLE
Uniform title AFTER 10+2 AND BEYOND (HUMANITIES & COMMERCE) (क.क्र.8/3)
942 ## - ADDED ENTRY ELEMENTS (KOHA)
Koha item type Book
Holdings
Withdrawn status Lost status Damaged status Not for loan Home library Current library Date acquired Cost, normal purchase price Total Checkouts Full call number Barcode Date last seen Cost, replacement price Price effective from Koha item type Public note
        S.V. Pathak Library, Vile Parle S.V. Pathak Library, Vile Parle 09/11/2004 180.00   11941 SVPPARLE-11941 01/25/2010 180.00 01/25/2010 Book ", , , NA"